| 000 | 01213nam0a2200301 4500 | ||
|---|---|---|---|
| 001 | RU\NLR\bibl\1329471 | ||
| 005 | 20250615163308.0 | ||
| 010 |
_a978-5-699-22652-8 _95000 |
||
| 021 |
_aRU _b2008-99278 _95830 |
||
| 035 | _a(NLR Aleph) 001314723 | ||
| 090 |
_a701804 _c701804 |
||
| 100 | _a20090213d2008 |||y0rusy50 ca | ||
| 101 | 0 | _arus | |
| 102 | _aRU | ||
| 105 | _ay ||||||||| | ||
| 200 | 1 |
_aВсе произведения школьной программы. XIX век _e10-11 классы _eдля подготовки к уроку, сочинению, экзамену _f[О.И. Нестерова [и др.] |
|
| 210 |
_aМосква _cЭксмо _cEksmo education _d2008 |
||
| 215 |
_a783, [1] c. _d22 |
||
| 225 | 1 | _aКлассика в классе | |
| 320 | _aБиблиогр. в конце кн. (13 назв.) | ||
| 606 | 1 |
_aРусская литература _jУчебные издания для средней школы _z19 в. _9916588 _3RU\NLR\auth\6616122 |
|
| 686 | _aШ5(2=Р)я721-1 | ||
| 702 | 1 |
_aНестерова _bО. И. _gОльга Игоревна _4220 |
|
| 801 | 0 |
_aRU _bNLR _c20090213 _gRCR |
|
| 801 | 1 |
_aRU _bNLR _c20090213 |
|
| 942 | _cBOOK | ||
| 980 | _aNB | ||